01070 2200301 4500001002100000005001500021035002000036007000300056008004100059040001200100082001700112084001700129090002100146090002200167245021400189260004800403300004700451650003600498650002300534850001200557041001300569110004000582500005800622020002200680999002200702990002200724990002200746INLIS00000000003582920191216102920 a0010-0618000225ta180607b xx 0 0 ind  aYOPDYOG042[23]a339.31 a339.31 BAD p aDEP 339.31 BAD p aCB-D.11 2017-25370 aProduk domestik regional bruto Kabupaten Kulon Progo menurut lapangan usaha= gross regional domestic product of Kulon Progo regency by industrial origin 2012-2016 /cBadan Pusat Statistik Kabupaten Kulon Progo aKulon Progo :bBadan Pusat Statistik,c2017 axii, 150 halaman :bgrafik, tabel ;c30 cm 4aProduk komersial--zKulon Progo 4aProduksi (ekonomi) aYOPDYOG0 aindgeng0 aBadan Pusat Statistik (Kulon Progo) aTeks terdiri dari bahasa Indonesia dan bahasa Inggris a978-602-1085-55-4 aCB-D.11/2017-2537 aCB-D.11/2017-2537 aCB-D.11/2017-2537